| 000 | 01180naa a22002897a 4500 | ||
|---|---|---|---|
| 001 | BR7909183 | ||
| 003 | BR-BrBNA | ||
| 005 | 20240918174535.0 | ||
| 007 | ta | ||
| 008 | 230509b bl.||||| |||| 00| 0 por d | ||
| 040 |
_aBR-BrBNA _bpor _cBiblioteca Nacional de Agricultura |
||
| 041 | _a(Pt) | ||
| 072 |
_aS10 _b0120 |
||
| 090 | _aS10 BR7909183 | ||
| 100 | 1 | _aAngelis, R.C. de | |
| 111 | 1 |
_a1. Seminario Nacional sobre Integracao da Pesquisa Nutricional e Alimentar _cJoao Pessoa, PB (Brazil) _d25-29 Jun 1979 |
|
| 245 | 1 | _aRelevancia da composicao aminoacidica da proteina: estudo comparativo em diferentes variedades de milho [Zea mays] | |
| 260 | 3 |
_aJoao Pessoa, PB (Brasil): _c1979. |
|
| 500 | _aAnais do 1. Seminario Nacional sobre Integracao da Pesquisa Nutricional e Alimentar Joao Pessoa, PB (Brasil): 1979. p. 85-93 (BR7909183-AM)S10 | ||
| 650 | _aMILHO | ||
| 650 | _aVALOR BIOLOGICO | ||
| 650 | _aPROTEINA | ||
| 650 | _aAMINOACIDO | ||
| 773 | 0 |
_tAnais do 1. Seminario Nacional sobre Integracao da Pesquisa Nutricional e Alimentar _b _wS10 BR7909183 _gJoao Pessoa, PB (Brasil), 1979. p. 85-93 |
|
| 909 |
_a202404 _bLucia _c55 _dLucia Elande |
||
| 942 |
_cAM _2AGRIS |
||
| 999 |
_c311871 _d311871 |
||